Score 0/20 Timer 05:00
3 Plays Today
% Correct
Two polar bears and four seals
95.1%
Remove 'centi'
94.9%
Because God liked it, so he put a ring on it
94.6%
Ice
94.4%
At the bottom
94.2%
Very large hands
93.3%
I'd tell him to not go to a play ever
93.2%
The other half
93.1%
I don't, I am a freeloader
90.4%
I started out by thinking and then the answer came to me
89.5%
% Correct
Lonely
88.4%
No, there is an elephant in the way
88.1%
Freddie Mercury
87.1%
When your mom irons pants for you
86%
Love
86%
If I had an hour to live, I'd spend it in this class because it feels like an eternity
84.8%
Noob
82.9%
It doesn't come with a chair
77.1%
No parrots allowed
75.7%
This
70.2%

You're not logged in!

Compare scores with friends on all Sporcle quizzes.
OR
Log In

Sporcle TV

Today on Sporcle TV


Watch our educational content, quiz creation guides, and fun videos on Sporcle TV.

Show Comments

Extras

Top Quizzes Today


Score Distribution

Your Account Isn't Verified!

In order to create a playlist on Sporcle, you need to verify the email address you used during registration. Go to your Sporcle Settings to finish the process.

Report this User

Report this user for behavior that violates our Community Guidelines.

Details: